00370nam a2200145Ia 4500003000900000005001700009008004100026040001200067080001300079100001900092245004300111260003600154300001500190650001900205IN-BaIIA20230707105613.0211028s9999 xx 000 0 eng d cIIA LIB a533bDEL aDelcroix, J. L 0aPlasma physicsbvol. 1cJ. L. Delcroix aLondonbJohn Wiley & Sonsc1965 axii, 266p. aPlasma physics